Gustav Klimt /

সংরক্ষণ করুন:
গ্রন্থ-পঞ্জীর বিবরন
প্রধান লেখক: Sarmany, Ilona (লেখক)
বিন্যাস: গ্রন্থ
ভাষা:হাঙ্গেরীয়
প্রকাশিত: [Budapest] : Corvina, 1989
ট্যাগগুলো: ট্যাগ যুক্ত করুন
কোনো ট্যাগ নেই, প্রথমজন হিসাবে ট্যাগ করুন!

MARC

LEADER 00000nam a22000007i 4500
001 IT\ICCU\UBO\2953851
003 ItRI
005 20260115231959.0
008 060410s1989 hu |||||| ||||| |||||c
020 |a 9631328139 
040 |b ita  |c importazione bologna sebina 
041 7 |a hun  |2 ISO-639-2 
100 1 |a Sarmany, Ilona  |0 IT\ICCU\UBOV\026556  |4 aut 
245 1 0 |a Gustav Klimt /  |c Sarmany Ilona. 
260 |a [Budapest] :  |b Corvina,  |c 1989 
300 |a 97 p. :  |b ill. ;  |c 29 cm. 
942 |2 ddc  |c BK  |n 0 
952 |0 0  |1 0  |4 0  |6 DOC_759_360000000000000_SAR  |7 0  |9 18430  |a BO  |b BO  |d 2026-01-15  |i 9717  |l 0  |o DOC 759.36 SAR  |p BO9717  |r 2026-01-15 23:19:59  |w 2026-01-15  |x [Sebina 5] [1 v.]  |y BK  |z 1 v. 
999 |c 15596  |d 15596